[Event "Munich op"]
[Site "Munich"]
[Date "1985.??.??"]
[Round "?"]
[White "Ambelang, Harald"]
[Black "Palos, Osman"]
[Result "1-0"]
[WhiteElo "2200"]
[BlackElo "2375"]

1.d4 Nf6 2.c4 e6 3.Nf3 Bb4+ 4.Nc3 Bxc3+ 5.bxc3 d6 6.Bg5 Qe7 7.g3 b6 8.Bg2 Bb7
9.O-O Nbd7 10.d5 e5 11.Bh3 h6 12.Bxf6 Nxf6 13.Qa4+ Kf8 14.Nd2 g6 15.e4 g5
16.Bf5 Rg8 17.Kh1 Qe8 18.Qc2 Bc8 19.Bxc8 Qxc8 20.Kg2 h5 21.f3 h4 22.g4 Ke7
23.h3 Nd7 24.Rfb1 Qa6 25.a4 Nc5 26.Rb5 Qc8 27.Nf1 Nb7 28.Ne3 Rg6 29.Rbb1 Na5
30.Qb2 Rf6 31.c5 Qa6 32.cxd6+ cxd6 33.Qb5 Qc8 34.c4 Kf8 35.Rc1 Qc7 36.Rc3 Rc8
37.Nf5 Qd8 38.Qa6 Rc7 39.Rb1 Qc8 40.Qb5 Rc5 41.Qb4 Ke8 42.Rbc1 Kd7 43.R1c2 Qa6
44.Kf2 Rg6 45.Ne3 Nb7 46.Ra2 Ra5 47.Nd1 Nc5 48.Nb2 Rf6 49.Ke2 Rh6 50.Rca3 Rh8
51.Nd3 Rc8 52.Qb5+ Kd8 53.Nb4 Qb7 54.Nc6+ Rxc6 55.Qxc6 Qxc6 56.dxc6 Kc7 57.Kd2 Kxc6
58.Kc3 Ne6 59.Kb4 Nf4 60.Rh2 Kc7 61.Ra1 Nd3+ 62.Kc3 Nc5 63.Kb4 Nb7 64.Rd1 Rc5
65.Rd5 Rc6 66.Rc2 Nc5 67.Ra2 a6 68.a5 bxa5+ 69.Kxa5 Rb6 70.Rf2 Rb1 71.Ra2 Kc6
72.Rf2 f6 73.Ra2 Rb3 74.Rad2 Nb7+ 75.Ka4 Rxf3 76.Kb4 Rxh3 77.Rf2 Kb6 78.c5+ dxc5+
79.Ka4 Rh1 80.Rxf6+ Ka7 81.Rxe5 h3 82.Rf2 Ra1+ 83.Kb3 Na5+ 84.Kb2 Rg1 85.Rxc5 Kb6
86.Rc3 Rxg4 87.Rxh3 Rxe4 88.Rh6+ Nc6 89.Rc2 Kb5 90.Rcxc6 a5 91.Rb6+ Ka4 92.Rhg6 Re2+
93.Kc3 Rg2 94.Rbd6 Ka3 95.Rd5 Rg3+ 96.Rd3 Rg1  1-0

[Event "SVK-ch"]
[Site "Piestany"]
[Date "1985.??.??"]
[Round "4"]
[White "Husek, Zdenek"]
[Black "Matejov, J."]
[Result "1/2-1/2"]
[WhiteElo "2200"]
[BlackElo "2200"]

1.d4 Nf6 2.c4 e6 3.Nc3 Bb4 4.Nf3 b6 5.g3 Bb7 6.Bg2 Ne4 7.Qd3 f5 8.O-O Nxc3
9.bxc3 Be4 10.Qe3 Be7 11.Ne5 Bxg2 12.Kxg2 O-O 13.a4 a5 14.Rd1 Bf6 15.Ba3 Re8
16.Qf3 Na6 17.Nd3 d6 18.Qc6 Qe7 19.f4 Qf7 20.Nf2 e5 21.c5 exd4 22.cxd6 dxc3
23.d7 Red8 24.Rd3 Ra7 25.Rad1 Nb8 26.Qb5 Qe6 27.Bc1 Qc6+ 28.e4 fxe4 29.Qxc6 Nxc6
30.Nxe4 c2 31.Nxf6+ gxf6 32.R1d2 Kf7 33.Bb2 Nb4 34.Rd4 c6 35.Rd6 Nd5 36.Rxc6 Raxd7
37.Kf3 Nb4 38.Rxf6+ Kg8 39.Rxd7 Rxd7 40.Rxb6 Rc7 41.Rb8+ Kf7 42.Ke2 c1=Q
43.Bxc1 Rxc1 44.Rb7+ Kg6 45.Rb6+ Nc6 46.Kd2 Rc5 47.Rb5 Nd4 48.Rb6+ Kf5 49.Kd3 Ne6
50.g4+  1/2-1/2

[Event "SVK-ch"]
[Site "Piestany"]
[Date "1985.??.??"]
[Round "7"]
[White "Ac, Michal"]
[Black "Biro, Karol"]
[Result "1-0"]
[WhiteElo "2200"]
[BlackElo "2200"]

1.d4 Nf6 2.c4 e6 3.Nc3 Bb4 4.Nf3 c5 5.e3 O-O 6.Bd3 Nc6 7.O-O Bxc3 8.bxc3 d6
9.Qc2 h6 10.Nd2 e5 11.dxc5 dxc5 12.Ne4 b6 13.Nxf6+ Qxf6 14.Be4 Ba6 15.Bd5 e4
16.Qxe4 Rae8 17.Qc2 Na5 18.Qa4 Bxc4 19.Bxc4 Qxc3 20.Bb5 Qxa1 21.Bxe8 a6 22.Bd2  1-0

[Event "Tilburg"]
[Site "Tilburg"]
[Date "1985.??.??"]
[Round "?"]
[White "Timman, Jan H"]
[Black "Kortschnoj, Viktor"]
[Result "0-1"]
[WhiteElo "2640"]
[BlackElo "2630"]

1.d4 Nf6 2.c4 e6 3.Nc3 Bb4 4.Nf3 c5 5.g3 b6 6.Bg2 Bb7 7.d5 exd5 8.Nh4 Ne4
9.Bxe4 Bxc3+ 10.bxc3 dxe4 11.Qd6 Qf6 12.Qxf6 gxf6 13.Nf5 Nc6 14.Nd6+ Ke7
15.Bf4 Na5 16.f3 Ba6 17.fxe4 Nxc4 18.Nf5+ Kd8 19.Nh6 Re8 20.Ng4 Ke7 21.O-O h5
22.Nh6 Bb7 23.Nf5+ Kd8 24.Ng7 Rxe4 25.Nxh5 Rxe2 26.Rf2 Rxf2 27.Kxf2 f5 28.Rd1 d5
29.Re1 Nb2 30.Bg5+ Kd7 31.Re7+ Kc6 32.Bf6 Nc4 33.h4 Nd6 34.Be5 Bc8 35.Kf3 Be6
36.Nf4 Nc4 37.Rc7+ Kb5 38.Bg7 Nd6 39.Re7 Ne4 40.Nxe6 fxe6 41.h5 d4 42.cxd4 c4
43.Rc7 Nc3 44.h6 Nd5 45.a4+ Kb4 46.Rc6 c3 47.h7 Kxa4 48.h8=Q Rxh8 49.Bxh8 Kb3
50.Be5 a5 51.Bc7 a4 52.Bxb6 a3 53.Rc5 Nxb6 54.Rb5+ Kc4 55.Rxb6 a2 56.Ra6 c2
57.Ke2 Kb5  0-1

[Event "Tilburg"]
[Site "Tilburg"]
[Date "1985.??.??"]
[Round "?"]
[White "Polugaevsky, Lev"]
[Black "Kortschnoj, Viktor"]
[Result "0-1"]
[WhiteElo "2600"]
[BlackElo "2630"]

1.d4 Nf6 2.c4 e6 3.Nc3 Bb4 4.Nf3 c5 5.g3 Nc6 6.Bg2 Qa5 7.d5 Bxc3+ 8.bxc3 Ne7
9.Qd3 exd5 10.cxd5 Nexd5 11.Bd2 Qa6 12.c4 Ne7 13.e4 d5 14.exd5 Nexd5 15.Qe2+ Ne7
16.O-O Be6 17.Ne5 Rd8 18.Bg5 O-O 19.Rfb1 Bc8 20.Qe3 h6 21.Qxc5 hxg5 22.Qxe7 Rde8
23.Qc7 Qe6 24.Re1 Re7 25.Qc5 Rfe8 26.Qb4 Qf5 27.Nf3 Ne4 28.h3 Qf6 29.g4 b6
30.Rad1 Bb7 31.Qb5 g6 32.Re3 Bc6 33.Qb4 Nc5 34.Qc3 Qxc3 35.Rxc3 Ne6 36.Nd4 Bxg2
37.Nxe6 Bxh3 38.Rxh3 Rxe6 39.Rd5 Re4 40.Rxg5 Rxc4 41.Rg3 Re2 42.Rf3 Rxa2
43.Kh2 Rac2 44.Rd5 Kg7 45.Rd7 Rxg4 46.Rdxf7+ Kh6 47.Rxa7 b5 48.Rb7 Rb2 49.Kh3 Kg5
50.Rg3 Rxg3+ 51.Kxg3 Rb1 52.Rf7 Rg1+ 53.Kh3 Rg4 54.Rb7 Rb4 55.Kg3 Kf5 56.Rf7+ Ke6
57.Rg7 Kf6 58.Rb7 Rb1 59.Kf4 g5+ 60.Kg4 Rb4+ 61.Kg3 Ke5 62.f3 Kd4 63.Rg7 Rb1
64.Kf2 b4 65.Rxg5 b3 66.Rb5 b2 67.Kg2 Kc3 68.Rc5+ Kb4 69.Rc8 Rc1  0-1

[Event "Trencianske Teplice"]
[Site "Trencianske Teplice"]
[Date "1985.??.??"]
[Round "4"]
[White "Ubilava, Elizbar"]
[Black "Ambroz, Jan"]
[Result "1-0"]
[WhiteElo "2485"]
[BlackElo "2450"]

1.d4 Nf6 2.c4 e6 3.Nc3 Bb4 4.Nf3 b6 5.Qb3 Bxc3+ 6.Qxc3 Bb7 7.g3 O-O 8.Bg2 d6
9.O-O Nbd7 10.b3 a5 11.a4 Qe7 12.Bb2 Ne4 13.Qc2 f5 14.Ne1 c5 15.Nd3 cxd4
16.Bxd4 Ndc5 17.Rad1 Rfd8 18.Qb2 Rab8 19.f3 e5 20.fxe4 exd4 21.exf5 Qe3+
22.Nf2 Bxg2 23.Kxg2 d5 24.Qxd4 Qxd4 25.Rxd4 dxc4 26.Rxc4 Rd2 27.e4 Re8 28.Kf3 Rb2
29.Rc3 Rd8 30.e5 Nxb3 31.Rd1 Rxd1 32.Nxd1 Nd4+ 33.Ke4 Rb4 34.Ne3 Ne6+ 35.Kf3 Nd4+
36.Kg2 Rb2+ 37.Kh3 h5 38.e6 Nf3 39.Rc8+ Kh7 40.Nc2 g5 41.fxg6+  1-0

[Event "Trencianske Teplice"]
[Site "Trencianske Teplice"]
[Date "1985.??.??"]
[Round "6"]
[White "Ubilava, Elizbar"]
[Black "Plachetka, Jan"]
[Result "1-0"]
[WhiteElo "2485"]
[BlackElo "2450"]

1.d4 Nf6 2.c4 e6 3.Nc3 Bb4 4.Nf3 b6 5.Qb3 Qe7 6.g3 Bb7 7.Bg2 c5 8.O-O O-O
9.Bf4 cxd4 10.Nxd4 Bxg2 11.Kxg2 Nc6 12.Nxc6 dxc6 13.Bg5 Bxc3 14.Qxc3 h6 15.Bxf6 Qxf6
16.Qxf6 gxf6 17.Rfd1 Rfd8 18.Kf1 Kf8 19.Ke1 Ke7 20.Rxd8 Rxd8 21.Rd1 Rxd1+
22.Kxd1 f5 23.Kd2 Kd6 24.Kd3 Ke5 25.f3 c5 26.e3 Kf6 27.e4 Ke5 28.Ke3 fxe4
29.fxe4 h5 30.h3 f6 31.a3 f5 32.exf5 exf5 33.b3 a6 34.a4 Kf6 35.Kf3 Kg5 36.Ke3 Kf6
37.Kf4 Kg6 38.Ke3 Kg5 39.Kf3 Kf6 40.Kf4 Kg6 41.Ke5 Kg5 42.Kd5 h4 43.gxh4+ Kxh4
44.Ke5 Kg5 45.h4+ Kg4 46.h5 f4 47.h6 f3 48.h7 f2 49.h8=Q f1=Q 50.Qg7+ Kh4
51.Qe7+ Kh5 52.Qe8+ Kh4 53.Qd8+ Kh3 54.Qxb6 Qd3 55.a5 Kg3 56.Ke6 Kg2 57.Qxc5 Qxb3
58.Qd5+ Kf1 59.c5  1-0

[Event "Tirnavia"]
[Site "Trnava"]
[Date "1985.??.??"]
[Round "12"]
[White "Kallai, Gabor"]
[Black "Lanc, Alois"]
[Result "1/2-1/2"]
[WhiteElo "2445"]
[BlackElo "2385"]

1.d4 Nf6 2.Nf3 e6 3.c4 Bb4+ 4.Nc3 b6 5.e3 Bb7 6.Qb3 Be7 7.Be2 d5 8.cxd5 Nxd5
9.O-O O-O 10.Rd1 Nd7 11.Nxd5 Bxd5 12.Bc4 Nf6 13.Bxd5 Qxd5 14.Qxd5 Nxd5 15.e4 Nf6
16.Bg5 Rfe8 17.Bxf6 gxf6 18.Rac1 c5  1/2-1/2

[Event "Albena"]
[Site "Albena"]
[Date "1986.??.??"]
[Round "?"]
[White "Azmaiparashvili, Zurab"]
[Black "Barbulescu, Dan"]
[Result "0-1"]
[WhiteElo "2470"]
[BlackElo "2450"]

1.d4 Nf6 2.c4 e6 3.Nc3 Bb4 4.Nf3 c5 5.g3 Nc6 6.Bg2 d5 7.cxd5 Nxd5 8.Bd2 cxd4
9.Nxd4 Nxd4 10.Nxd5 Bxd2+ 11.Qxd2 Nc6 12.Nc3 Qxd2+ 13.Kxd2 Bd7 14.Rhd1 Ke7
15.Ke1 Rhc8 16.Nb5 Nb4 17.Rxd7+ Kxd7 18.Rd1+ Ke7 19.Bxb7 Rd8 20.Nd4 Rab8
21.Be4 Kf6 22.Bb1 Nxa2 23.Bxa2 Rxb2 24.Bb3 a5 25.Nc6 Rxd1+ 26.Bxd1 Ra2 27.f4 a4
28.Nb4 Rb2 29.Nc2 Rb3 30.Nd4 Rb2 31.Nc2 e5 32.fxe5+ Kxe5 33.Kd2 a3 34.Kc1 Rb3
35.Na1 Rb6 36.Bb3 f5 37.Kd2 Rh6 38.Nc2 Rxh2 39.Nxa3 Rh3 40.Bg8 h5 41.Nc4+ Kf6
42.g4 fxg4 43.e4 g3 44.Bd5 h4 45.e5+ Ke7 46.Ne3 Rh2+ 47.Ke1 g6 48.Ng2 Rh1+
49.Ke2 h3 50.Nf4 g2 51.Nxh3 Rxh3 52.Bxg2 Rh5  0-1

[Event "Baku"]
[Site "Baku"]
[Date "1986.??.??"]
[Round "?"]
[White "Sideif Sade, Fikret I"]
[Black "Magerramov, Elmar"]
[Result "1-0"]
[WhiteElo "2360"]
[BlackElo "2445"]

1.d4 Nf6 2.c4 e6 3.Nc3 Bb4 4.Nf3 c5 5.g3 b6 6.Bg2 Bb7 7.O-O cxd4 8.Qxd4 Nc6
9.Qf4 Bxc3 10.bxc3 Na5 11.Ba3 Rc8 12.Ne5 Bxg2 13.Kxg2 d6 14.Rfd1 Nb7 15.c5 Nxc5
16.Nc4 O-O 17.Nxd6 Rc7 18.e4 Qa8 19.f3 Qc6 20.c4 Ne8 21.Nb5 Re7 22.Rd8 e5
23.Qd2 Nf6 24.Rd1 Rxd8 25.Qxd8+ Re8 26.Qd6 Qxd6 27.Rxd6 Nb7 28.Rc6 Rd8 29.Kf2 Ne8
30.Bb4 Ra8 31.Nxa7 Rxa7 32.Rc8 Rxa2+ 33.Ke3 h6 34.Rxe8+ Kh7 35.Rxe5 Rc2 36.Kd3 Rf2
37.Rf5 Nd8 38.h4 Nc6 39.Bc3 f6 40.h5 Ne7 41.Bd4 Rf1 42.Rf4 Rd1+ 43.Kc3 Rc1+
44.Kb3 Rd1 45.Bc3 Rf1 46.e5 fxe5 47.Bxe5 Kg8 48.Bc3 Rh1 49.g4 Rf1 50.Bb4 Rb1+
51.Ka3 Ra1+ 52.Kb2 Ra7 53.Kb3 Nc6 54.Rf8+ Kh7 55.Bc3 Rb7 56.Ka3 Na7 57.Rf5 Kg8
58.f4  1-0

[Event "OHRA-B"]
[Site "Brussels"]
[Date "1986.??.??"]
[Round "?"]
[White "Garcia Palermo, Carlos"]
[Black "Sunye Neto, Jaime"]
[Result "1/2-1/2"]
[WhiteElo "2515"]
[BlackElo "2515"]

1.d4 Nf6 2.Nf3 e6 3.c4 Bb4+ 4.Nc3 b6 5.Bd2 Bb7 6.e3 O-O 7.Be2 d5 8.O-O dxc4
9.Bxc4 Nbd7 10.Qe2 c5 11.Rfd1  1/2-1/2

[Event "OHRA-B"]
[Site "Brussels"]
[Date "1986.??.??"]
[Round "?"]
[White "Farago, Ivan"]
[Black "Winants, Luc"]
[Result "1/2-1/2"]
[WhiteElo "2520"]
[BlackElo "2350"]

1.d4 Nf6 2.c4 e6 3.Nc3 Bb4 4.Nf3 c5 5.g3 Nc6 6.Bg2 Ne4 7.Bd2 Nxd2 8.Qxd2 cxd4
9.Nxd4 O-O 10.Nc2 Be7 11.O-O a6 12.Rfd1 f5 13.e4 g6 14.Kh1 Rb8 15.exf5 gxf5
16.Qe2 Qc7 17.f4 Bf6 18.Rd2 Qa5 19.Qe3 Qc7 20.Qd3 b6 21.Rad1 Kh8 22.Qd6 Qxd6
23.Rxd6 Nd8 24.R6d3 Nf7 25.b3 Kg7 26.Bf3 Be7 27.a4 Nd8 28.Ne3  1/2-1/2

[Event "Budapest Spring op"]
[Site "Budapest"]
[Date "1986.??.??"]
[Round "?"]
[White "Szilagyi, Peter"]
[Black "Muse, Mladen"]
[Result "1-0"]
[WhiteElo "2445"]
[BlackElo "2435"]

1.d4 Nf6 2.c4 e6 3.Nc3 Bb4 4.Nf3 b6 5.Bg5 Bb7 6.e3 h6 7.Bh4 g5 8.Bg3 Ne4
9.Qc2 Bxc3+ 10.bxc3 d6 11.Bd3 f5 12.d5 Qf6 13.Nd4 Nc5 14.Nxe6 Nxe6 15.Bxf5 Nc5
16.Bg6+ Ke7 17.f4 g4 18.Bh5 Ba6 19.O-O-O Kd8 20.e4 Rg8 21.e5 dxe5 22.Qh7 Rf8
23.d6 Nbd7 24.dxc7+ Kxc7 25.fxe5 Qe6 26.Bxg4 Qxc4 27.Rxd7+ Kc6 28.Rd6+ Kb5
29.Bd7+ Ka5 30.Qc2 Rf4 31.Bxf4 Qxf4+ 32.Qd2 Qxd2+ 33.Rxd2 Ne4 34.Rd5+ b5
35.Re1 Nxc3 36.Rd4 Rg8 37.e6 Nxa2+ 38.Kd2 Rxg2+ 39.Ke3 Nb4 40.Ra1+  1-0

[Event "Canada zt"]
[Site "Canada"]
[Date "1986.??.??"]
[Round "?"]
[White "Nickoloff, Bryon"]
[Black "Baragar, Fletcher"]
[Result "1/2-1/2"]
[WhiteElo "2420"]
[BlackElo "2270"]

1.d4 Nf6 2.c4 e6 3.Nc3 Bb4 4.Nf3 O-O 5.Bg5 d6 6.e3 Nbd7 7.Qc2 e5 8.O-O-O Bxc3
9.Qxc3 Ne4 10.Bxd8 Nxc3 11.bxc3 Rxd8 12.dxe5 Nc5 13.Rd4 Bf5 14.exd6 cxd6
15.Nd2 Na4 16.Bd3 Bxd3 17.Rxd3 Rac8 18.Kc2 Rc6 19.Rb1 Ra6 20.Rd4 Nc5 21.Rb2 Ra3
22.Nb1 Ra4 23.Nd2 Ra3 24.Nb1 Ra4 25.Nd2  1/2-1/2

[Event "Canada zt"]
[Site "Canada"]
[Date "1986.??.??"]
[Round "?"]
[White "Spraggett, Kevin"]
[Black "Allan, Denis"]
[Result "1-0"]
[WhiteElo "2525"]
[BlackElo "2280"]

1.c4 Nf6 2.Nc3 e6 3.d4 Bb4 4.Nf3 d5 5.cxd5 exd5 6.Bg5 Nbd7 7.e3 h6 8.Bh4 c5
9.Bd3 c4 10.Bf5 Qa5 11.Qc2 O-O 12.O-O Re8 13.Nd2 a6 14.Rae1 Bxc3 15.bxc3 b5
16.e4 Nb6 17.Bxc8 Raxc8 18.Bxf6 gxf6 19.Re3 Qa3 20.Rg3+ Kh8 21.exd5 Nxd5
22.Qf5 Rcd8 23.Rh3 Qf8 24.Qf3 Qg7 25.Rh5 Ne7 26.Ne4 Ng8 27.a3 Re6 28.Nc5 Re7
29.h3 Qg6 30.Rf5 a5 31.Rb1 Rb8 32.Ne4 Reb7 33.Kh2 Rb6 34.Rf4 b4 35.axb4 axb4
36.cxb4 Rxb4 37.Rxb4 Rxb4 38.Rg4 Qh7 39.Nxf6  1-0

[Event "DEN-ch"]
[Site "DEN"]
[Date "1986.??.??"]
[Round "2"]
[White "Hansen, Curt"]
[Black "Sloth, Jorn"]
[Result "1/2-1/2"]
[WhiteElo "2510"]
[BlackElo "2385"]

1.d4 e6 2.Nf3 Nf6 3.c4 Bb4+ 4.Nc3 d6 5.Bg5 Nbd7 6.e3 e5 7.Qc2 Qe7 8.Be2 O-O
9.O-O Bxc3 10.Qxc3 Re8 11.Qc2 Nf8 12.dxe5 dxe5 13.Nd2 h6 14.Bh4 Ng6 15.Bg3 h5
16.h3 h4 17.Bh2 Bd7 18.Bd3 e4 19.Be2 Nh7 20.Rfd1 Ng5 21.Qc3 Bf5 22.Nb3 Ne5
23.Rd5 f6 24.Bxe5 fxe5 25.c5 Qf6 26.Bf1 Re6  1/2-1/2

[Event "Dortmund op"]
[Site "Dortmund"]
[Date "1986.??.??"]
[Round "8"]
[White "Farago, Ivan"]
[Black "King, Daniel J"]
[Result "1-0"]
[WhiteElo "2520"]
[BlackElo "2435"]

1.d4 Nf6 2.c4 e6 3.Nf3 Bb4+ 4.Nc3 c5 5.g3 O-O 6.Bg2 d5 7.dxc5 dxc4 8.Qxd8 Rxd8
9.Ne5 Nd5 10.Bd2 Nd7 11.Nxc4 Nxc5 12.O-O-O Nb6 13.Bg5 Rxd1+ 14.Rxd1 Bd7 15.Bxb7 Rb8
16.Nxb6 axb6 17.Bf3 Bxc3 18.bxc3 Kf8 19.Bf4 Rc8 20.Bb7 Nxb7 21.Rxd7 Na5 22.Bd6+ Ke8
23.Re7+ Kd8 24.Rxf7 Rxc3+ 25.Kb1 Rc4 26.Rxg7  1-0

[Event "Elenite op"]
[Site "Elenite"]
[Date "1986.??.??"]
[Round "?"]
[White "Ubilava, Elizbar"]
[Black "Nikolov, Sasho"]
[Result "1/2-1/2"]
[WhiteElo "2515"]
[BlackElo "2315"]

1.d4 Nf6 2.c4 e6 3.Nc3 Bb4 4.Nf3 c5 5.g3 d5 6.Bg2 Nc6 7.O-O dxc4 8.dxc5 Qxd1
9.Rxd1 Bxc5 10.Nd2 Na5 11.Nde4 Nxe4 12.Nxe4 Be7 13.Bd2 Nc6 14.Bc3 f6 15.Nd2 e5
16.Nxc4 Bg4 17.Kf1 Rc8 18.Nd6+ Bxd6 19.Rxd6 Ke7 20.Rd2 Be6 21.a3 Rc7 22.f4 exf4
23.gxf4 Re8 24.Kf2 Kf7 25.e4 f5 26.Re1 fxe4 27.Rxe4 g6 28.Rd6 Nd8 29.Kg3 b6
30.Re5 Nb7 31.Rdxe6 Rxe6 32.Bd5 Nd8 33.f5 gxf5 34.Kf4 Rc5 35.Kxf5 Rxd5 36.Rxd5 Nc6
37.Rd7+ Ne7+ 38.Kf4 Kg6 39.Kf3 a6 40.Kf2 Kf5 41.Kf3 h6 42.Rd8 Nc6 43.Rd5+ Kg6
44.h4 Ne7 45.h5+ Kf7 46.Rd8 Ng8 47.Ra8 b5 48.Ra7+ Ke8 49.Kf4 Rc6 50.Kf5 Ne7+
51.Ke5 Rxc3 52.Rxe7+ Kxe7 53.bxc3 Kd7 54.Kf5 Ke7 55.Kg6 Ke6 56.Kxh6 Kf6 57.Kh7 Kf7
58.Kh6  1/2-1/2

[Event "Elenite op"]
[Site "Elenite"]
[Date "1986.??.??"]
[Round "?"]
[White "Ubilava, Elizbar"]
[Black "Andonov, Bogomil"]
[Result "1-0"]
[WhiteElo "2515"]
[BlackElo "2300"]

1.d4 Nf6 2.c4 e6 3.Nc3 Bb4 4.Nf3 b6 5.Qb3 c5 6.Bf4 Ne4 7.e3 cxd4 8.exd4 Nc6
9.Qc2 Nxc3 10.bxc3 Be7 11.d5 Na5 12.dxe6 Bf6 13.exf7+ Kxf7 14.Be2 Re8 15.O-O Ba6
16.Rad1 g6 17.Qa4 Kg8 18.Rxd7 Qc8 19.Bd3 b5 20.Qxa5 Qxd7 21.Bxg6 hxg6 22.Qxa6 Qf5
23.Be3 bxc4 24.Nd4 Qe5 25.Qxc4+ Kg7 26.Nf3 Qxc3 27.Qf4 Qd3 28.Qh6+ Kg8 29.Nh4 Re7
30.Qxg6+ Qxg6 31.Nxg6 Rc7 32.h4 Rc2 33.Rb1 Rxa2 34.Rb7 Rb2 35.Rc7 Rb1+ 36.Kh2 a5
37.h5 Rab8 38.g4 R8b7 39.Rc8+ Kg7 40.Ra8 Bc3  1-0

[Event "FRA-ch"]
[Site "Epinal"]
[Date "1986.??.??"]
[Round "1"]
[White "Meinsohn, Francis"]
[Black "Adrian, Claude"]
[Result "1-0"]
[WhiteElo "2275"]
[BlackElo "2320"]

1.d4 e6 2.c4 Nf6 3.Nc3 Bb4 4.Nf3 c5 5.g3 b6 6.Bg2 Bb7 7.O-O cxd4 8.Qxd4 O-O
9.Rd1 Nc6 10.Qh4 Rc8 11.Bg5 Be7 12.Rac1 h6 13.Bd2 Na5 14.b3 d5 15.cxd5 Nxd5
16.Qd4 Bf6 17.Ne5 Nc6 18.Nxc6 Bxc6 19.Qg4 Nxc3 20.Bxc3 Bf3 21.Rxd8 Bxg4 22.Rxf8+ Rxf8
23.Bxf6 gxf6 24.f3 Bf5 25.e4 Bg6 26.Kf2 Rd8 27.Ke3 Rd7 28.Bf1 e5 29.g4 h5
30.h3 Kg7 31.Bb5 Re7 32.Rc6 Rd7 33.Rxb6 Rd1 34.Ra6 h4 35.Kf2 Kh6 36.Rxa7 Kg5
37.Rd7 Rh1 38.Bf1  1-0

[Event "FRA-ch"]
[Site "Epinal"]
[Date "1986.??.??"]
[Round "3"]
[White "Renet, Jacques"]
[Black "Adrian, Claude"]
[Result "1/2-1/2"]
[WhiteElo "2480"]
[BlackElo "2320"]

1.d4 e6 2.c4 Nf6 3.Nc3 Bb4 4.Nf3 c5 5.g3 b6 6.Bg2 Bb7 7.O-O cxd4 8.Qxd4 O-O
9.Rd1 Nc6 10.Qf4 Bxc3 11.bxc3 Qb8 12.Qh4 Ne7 13.Bg5 Ng6 14.Qd4 e5 15.Qe3 Ng4
16.Qc1 h6 17.h3 Nxf2 18.Kxf2 hxg5 19.Qxg5 Qc7 20.h4 Rae8 21.h5 e4 22.Nd4 Qc5
23.Qxc5 bxc5 24.hxg6 cxd4 25.cxd4 e3+ 26.Kg1 Bxg2 27.Kxg2 fxg6 28.Rf1 Rf5
29.Rf3 Re4 30.Rd1 Ra5 31.Rf4 Rxf4 32.gxf4 Rxa2 33.Kf3 Rd2 34.Ra1 Rxd4 35.Rxa7 Rxc4
36.Rxd7 Rc5 37.Kg4 Rc2 38.Kf3 Rc5 39.Ke4 g5 40.f5 g4 41.Rd3  1/2-1/2

[Event "FRA-ch"]
[Site "Epinal"]
[Date "1986.??.??"]
[Round "5"]
[White "Meinsohn, Francis"]
[Black "Sharif, Mershad"]
[Result "1/2-1/2"]
[WhiteElo "2275"]
[BlackElo "2440"]

1.d4 Nf6 2.c4 e6 3.Nc3 Bb4 4.Nf3 d5 5.Qa4+ Nc6 6.Bg5 h6 7.Bxf6 Qxf6 8.e3 O-O
9.Be2 dxc4 10.O-O Bd7 11.Bxc4 Qg6  1/2-1/2

[Event "FRA-ch"]
[Site "Epinal"]
[Date "1986.??.??"]
[Round "6"]
[White "Miralles, Gilles"]
[Black "Adrian, Claude"]
[Result "1-0"]
[WhiteElo "2410"]
[BlackElo "2320"]

1.d4 e6 2.c4 Nf6 3.Nc3 Bb4 4.Nf3 b6 5.Bg5 h6 6.Bh4 Bb7 7.e3 Bxc3+ 8.bxc3 d6
9.Qc2 Nbd7 10.Nd2 g5 11.Bg3 Qe7 12.e4 e5 13.f3 Nh5 14.Bf2 O-O-O 15.O-O-O Rdf8
16.g3 Ng7 17.Bh3 Ne6 18.Qa4 Kb8 19.c5 bxc5 20.d5 Nb6 21.Qb3 Ng7 22.a4 Ka8
23.a5 Nd7 24.Qa4 f5 25.Kc2 g4 26.a6 Bc8 27.fxg4 Nb6 28.Qc6+ Kb8 29.gxf5 Qe8
30.Qxe8 Nxe8 31.Ra1 Nf6 32.g4 Rfg8 33.Rhg1 Rg7 34.Be3 Ka8 35.Kd3 Nbd7 36.Ke2 Nb8
37.Kf3 Bxa6 38.Bf1 Bb7 39.h4 c6 40.c4 cxd5 41.cxd5 Nbd7 42.Ba6 Bxa6 43.Rxa6 Nb6
44.g5  1-0

[Event "Bundesliga 8586"]
[Site "Germany"]
[Date "1986.??.??"]
[Round "?"]
[White "Kaiser, Wolfgang"]
[Black "Brunner, Lucas"]
[Result "1/2-1/2"]
[WhiteElo "2355"]
[BlackElo "2290"]

1.d4 Nf6 2.c4 e6 3.Nc3 Bb4 4.Nf3 b6 5.Bg5 Bb7 6.e3 h6 7.Bh4 g5 8.Bg3 Ne4
9.Qc2 Bxc3+ 10.bxc3 Nxg3 11.hxg3 Nc6 12.d5 Na5 13.Rd1 Qe7 14.Nd4 O-O-O 15.Nb3 Qa3
16.Be2 Kb8 17.g4 Qa4 18.Rd4 c5 19.dxc6 Nxc6 20.Rd1 Ne5 21.Rd4 Nc6 22.Rd2  1/2-1/2

[Event "Bundesliga 8586"]
[Site "Germany"]
[Date "1986.??.??"]
[Round "?"]
[White "Hertneck, Gerald"]
[Black "Zysk, Robert"]
[Result "1-0"]
[WhiteElo "2445"]
[BlackElo "2390"]

1.d4 Nf6 2.c4 e6 3.Nc3 Bb4 4.Nf3 d5 5.Qb3 Nc6 6.Bg5 dxc4 7.Qxc4 Qd5 8.Qxd5 Nxd5
9.Bd2 O-O 10.Rc1 Rd8 11.e3 Bd7 12.Nxd5 Bxd2+ 13.Kxd2 exd5 14.Rc5 Be8 15.Bb5 f6
16.Rhc1 Rac8 17.Ne1 Kf8 18.Bxc6 Bxc6 19.Nd3 Rd6 20.Nb4 Rb8 21.b3 Ke8 22.Nxc6 bxc6
23.Rxc6 Rxc6 24.Rxc6 Kd7 25.Ra6 Rb7 26.Ke2 c6 27.Kf3 Rc7 28.b4 Kc8 29.a4 Kd7
30.Kf4 g6 31.g4 h6 32.h4 Ke7 33.h5 Kf7 34.Ra5 Rb7 35.Rc5 gxh5 36.gxh5 Rxb4
37.Rxc6 Rxa4 38.Kf5 Ra2 39.Rxf6+ Ke7 40.Ke5 a5 41.Rxh6 Rxf2 42.Kxd5 a4 43.Ra6  1-0

[Event "Havana-B"]
[Site "Havana"]
[Date "1986.??.??"]
[Round "?"]
[White "Lebredo, Gerardo"]
[Black "Ricardi, Pablo"]
[Result "1/2-1/2"]
[WhiteElo "2390"]
[BlackElo "2520"]

1.d4 Nf6 2.c4 e6 3.Nc3 Bb4 4.Nf3 c5 5.g3 cxd4 6.Nxd4 a6 7.Bg2 Qc7 8.O-O Nc6
9.Nxc6 dxc6 10.Bd2 Be7 11.Rc1 O-O 12.Qc2 e5 13.Nd1 Be6 14.Ne3 Rad8 15.Rfd1 g6
16.Qa4 Bc5 17.b4 Bd4 18.c5 e4 19.Nc4  1/2-1/2

[Event "Havana-B"]
[Site "Havana"]
[Date "1986.??.??"]
[Round "?"]
[White "Lebredo, Gerardo"]
[Black "Vilela, Jose Luis"]
[Result "1/2-1/2"]
[WhiteElo "2390"]
[BlackElo "2410"]

1.d4 Nf6 2.c4 e6 3.Nc3 Bb4 4.Nf3 b6 5.g3 Ba6 6.Qa4 c5 7.dxc5 Bxc3+ 8.bxc3 Ne4
9.Be3 Nxc5 10.Bxc5 bxc5 11.Bg2 Bb7 12.O-O O-O 13.Rfd1 Qc7 14.Rab1 Bc6 15.Qa3 d6
16.Qc1 Nd7 17.Qd2 d5 18.cxd5 exd5 19.Nh4 Nb6 20.Nf5 g6 21.Qf4 Rac8  1/2-1/2

[Event "Helsinki"]
[Site "Helsinki"]
[Date "1986.??.??"]
[Round "3"]
[White "Dorfman, Josif D"]
[Black "Wiedenkeller, Michael"]
[Result "1/2-1/2"]
[WhiteElo "2520"]
[BlackElo "2455"]

1.d4 Nf6 2.c4 e6 3.Nc3 Bb4 4.Nf3 c5 5.g3 cxd4 6.Nxd4 Ne4 7.Qd3 Qa5 8.Nb3 Qf5
9.Qe3 Nxc3 10.bxc3 Be7 11.Bg2 O-O 12.O-O Nc6 13.Rd1 b6 14.Be4 Qh3 15.c5 bxc5
16.Ba3 d5 17.Bg2 Qh5 18.Bxc5 Ba6 19.Bf3 Qf5 20.Bxe7 Nxe7 21.Nc5 Bc4 22.Rd4 Rad8
23.Nd3 Qf6 24.g4 Ng6 25.g5 Qe7 26.Bh5 Bxd3 27.exd3 e5 28.Bxg6 fxg6 29.Re1 Rf5
30.f4 Qc5 31.fxe5 Qxc3 32.e6 Re8 33.h4 Rf3 34.Qxf3  1/2-1/2

[Event "Helsinki"]
[Site "Helsinki"]
[Date "1986.??.??"]
[Round "3"]
[White "Tisdall, Jonathan D"]
[Black "Valkesalmi, Kimmo"]
[Result "1-0"]
[WhiteElo "2455"]
[BlackElo "2405"]

1.d4 Nf6 2.c4 e6 3.Nc3 Bb4 4.Nf3 O-O 5.Bg5 h6 6.Bh4 c5 7.e3 Re8 8.Bd3 cxd4
9.exd4 b6 10.O-O Bb7 11.Rc1 Be7 12.Re1 d6 13.Bb1 Nbd7 14.d5 e5 15.Bg3 Nh7
16.Bc2 Rf8 17.Nd2 a6 18.Qe2 g6 19.f4 Bh4 20.Bxh4 Qxh4 21.f5 gxf5 22.Bxf5 Ndf6
23.Nce4 Nxe4 24.Nxe4 Qe7 25.Qh5 Bc8 26.Bxc8 Raxc8 27.Qxh6 f5 28.Nxd6 Rf6
29.Nxc8  1-0

[Event "HUN-ch"]
[Site "?"]
[Date "1986.??.??"]
[Round "?"]
[White "Farago, Ivan"]
[Black "Utasi, Tamas"]
[Result "1/2-1/2"]
[WhiteElo "2520"]
[BlackElo "2440"]

1.d4 Nf6 2.c4 e6 3.Nf3 Bb4+ 4.Nc3 c5 5.g3 cxd4 6.Nxd4 Ne4 7.Qd3 Qa5 8.Nb3 Nxc3
9.Bd2 Ne4 10.Qxe4 Bxd2+ 11.Nxd2 Nc6 12.Bg2 O-O 13.Qe3 d5 14.O-O d4 15.Qd3 e5
16.a3 Qc7 17.b4 Be6 18.f4 f5 19.Bxc6 bxc6 20.fxe5 c5 21.bxc5 Qxc5 22.Nb3 Qxe5
23.Nxd4 Rad8 24.e3 Bc8 25.Rab1 a6 26.Qb3 Rde8 27.c5+ Be6 28.Nxe6 Rxe6 29.Rfe1 Kh8
30.Rbc1 Rc8 31.Qc3 h6 32.Qxe5 Rxe5 33.c6 Re6 34.c7 Re7 35.Rf1 Rcxc7 36.Rxc7 Rxc7
37.Rxf5 Rc3 38.Ra5 Rxe3 39.Rxa6 Re2 40.h4 Kg8 41.Ra7 h5 42.a4 Ra2 43.a5 Kh7
44.Ra8 Kg6 45.a6 Kf5 46.Rg8 Kf6 47.Rh8 Kg6  1/2-1/2

[Event "URS-FL"]
[Site "Irkutsk"]
[Date "1986.??.??"]
[Round "?"]
[White "Dokhoian, Yury"]
[Black "Vyzmanavin, Alexey"]
[Result "1/2-1/2"]
[WhiteElo "2450"]
[BlackElo "2480"]

1.d4 Nf6 2.c4 e6 3.Nc3 Bb4 4.Nf3 d6 5.Qc2 Nbd7 6.g3 b6 7.Bg2 Bb7 8.O-O Bxc3
9.Qxc3 O-O 10.b3 Qe7 11.Bb2 a5 12.Rad1 Be4 13.Rfe1 Rfe8 14.Bf1 c5 15.Nd2 cxd4
16.Qxd4 e5 17.Qe3 Bb7 18.Bg2 Bxg2 19.Kxg2 a4 20.Ne4 Nxe4 21.Qxe4 axb3 22.axb3 Nc5
23.Qc6 Nxb3 24.Qxd6  1/2-1/2

[Event "URS-FL"]
[Site "Kujbyshev"]
[Date "1986.??.??"]
[Round "?"]
[White "Rashkovsky, Nukhim N"]
[Black "Mikhalchishin, Adrian"]
[Result "1-0"]
[WhiteElo "2445"]
[BlackElo "2525"]

1.d4 Nf6 2.c4 e6 3.Nc3 Bb4 4.Nf3 O-O 5.Bg5 c5 6.e3 cxd4 7.exd4 h6 8.Bh4 d5
9.Rc1 Nc6 10.Be2 dxc4 11.Bxc4 b6 12.O-O Bb7 13.Bd3 Be7 14.Bb1 Rc8 15.Re1 Re8
16.a3 Nd5 17.Bg3 Nxc3 18.bxc3 Bxa3 19.Qd3 g6 20.Rcd1 Bf8 21.h4 Qd5 22.c4 Qa5
23.Ne5 Nxe5 24.Rxe5 Qa4 25.h5 Qxc4 26.Qd2 gxh5 27.Bd3 Qc3 28.Qe2 Qb3 29.Qxh5 Bg7
30.Qg4 f5 31.Qe2 Kf7 32.d5 Bxd5 33.Re3 Qb4 34.Qh5+ Kg8 35.Bxf5 Qf8 36.Bg6 Red8
37.Rde1 Rc4 38.Bh4 Rdc8 39.Rg3 Rc1 40.Rxc1 Rxc1+ 41.Kh2 Qd6 42.Bd3 Qe5  1-0